LEADER 01300nlm 2200337 450 001 996359749403316 005 20200928154156.0 010 $a9781118878248 100 $a20150729h2015---- uy 0 101 $aeng 102 $aGB 105 $ay 00 y 135 $aur|n|---||||| 200 1 $a<> companion to ancient Thrace$fedited by Julia Valeva, Emil Nankov and Denver Graninger 210 $aChichester$cWiley & Sons$d2015 215 $aTesto elettronico (PDF) (510 p.) 225 2 $aBlackwell Companions to the Ancient World 230 $aBase dati testuale 330 $aA Companion to Ancient Thrace presenta una serie di saggi che rivelano la complessità recentemente riconosciuta dei fenomeni sociali e culturali dei popoli che abitano la periferia balcanica del mondo classico. Presenta una panoramica ricca e dettagliata della storia della Tracia dalla prima età del ferro alla tarda antichità 410 0$aBlackwell Companions to the Ancient World 607 $aTracia$xStoria$2BNCF 676 $a939.861 702 1$aGRANINGER,$bDenver 702 1$aNANKOV,$bEmil 702 1$aVALEVA,$bJulia 801 0$bcba$aIT$gREICAT 912 $a996359749403316 959 $aEB 969 $aER 996 $aCompanion to ancient Thrace$91757233 997 $aUNISA LEADER 03806 am 22007573u 450 001 9910141276303321 005 20200520144314.0 010 $a1-280-77291-3 010 $a9786613683687 010 $a90-04-22749-0 024 7 $a10.1163/9789004227491 035 $a(CKB)2670000000193842 035 $a(EBL)944163 035 $a(OCoLC)796383685 035 $a(SSID)ssj0000704327 035 $a(PQKBManifestationID)11406289 035 $a(PQKBTitleCode)TC0000704327 035 $a(PQKBWorkID)10704603 035 $a(PQKB)11322253 035 $a(OCoLC)802047023 035 $a(nllekb)BRILL9789004227491 035 $a(WaSeSS)IndRDA00125144 035 $a(Au-PeEL)EBL944163 035 $a(CaPaEBR)ebr10571026 035 $a(CaONFJC)MIL368368 035 $a(MiAaPQ)EBC944163 035 $a(oapen)https://directory.doabooks.org/handle/20.500.12854/38705 035 $a(PPN)174546467 035 $a(EXLCZ)992670000000193842 100 $a20120214d2012 uy 0 101 0 $aeng 135 $aur|n|---||||| 181 $ctxt 182 $cc 183 $acr 200 14$aThe organization of the pyramid texts$b[electronic resource] $etypology and disposition /$fby Harold M. Hays 210 $aLeiden ;$aBoston $cBrill$d2012 215 $a1 online resource (754 p.) 225 1 $aProbleme der A?gyptologie,$x0169-9601 ;$vBd. 31 300 $aDescription based upon print version of record. 311 $a90-04-21865-3 320 $aIncludes bibliographical references and index. 327 $aPreliminary Material Volume One -- Introduction -- Chapter One Performance Settings and Structures -- Chapter Two Groups and Series of Pyramid Texts -- Chapter Three Categories of Pyramid Texts -- Chapter Four Interface of Groups and Categories -- Chapter Five Recapitulation -- Coda Types of Pyramid Texts and Their Interface with Groups -- Indices -- Preliminary Material Volume Two -- Listing One Pyramid Texts by Typology and Disposition -- Listing Two Sequences of Pyramid Texts -- Listing Three Subsequences of Pyramid Texts -- Listing Four Typological Motifs of Pyramid Texts -- Plans of Texts in Kingly Pyramids -- Charts of Groups of Texts in Kingly Pyramids -- References Cited. 330 $aThe ancient Egyptian Pyramid Texts form the oldest sizable body of religious texts in the world. Discovered in the late nineteenth century, they had been inscribed on the interior stone walls of the pyramid tombs of third-millennium kings and queens. From their content it is clear that they were concerned with the afterlife state of the tomb owner, but the historical meaning of their emergence has been poorly understood. This book weds traditional philological approaches to linguistic anthropology in order to associate them with two spheres of human action: mortuary cult and personal preparation for the afterlife. Monumentalized as hieroglyphs in the tomb, their function was now one step removed from the human events that had motivated their original production. 410 0$aProbleme der A?gyptologie ;$v31. Bd. 606 $aEgyptian literature$xHistory and criticism 610 $ahistory of religions 610 $aancient egyptian religion 610 $aritual studies 610 $aspeech act theory 610 $aredaction criticism 610 $aquantitative analysis 610 $aperformance theory 610 $alinguistic anthropology 610 $areligious studies 610 $aegyptology 615 0$aEgyptian literature$xHistory and criticism. 676 $a299/.3182 700 $aHays$b Harold M$0801725 801 0$bMiAaPQ 801 1$bMiAaPQ 801 2$bMiAaPQ 906 $aBOOK 912 $a9910141276303321 996 $aThe organization of the pyramid texts$92192362 997 $aUNINA